000 02501cam a2200505 i 4500
001 200468084
003 TR-AnTOB
005 20260413155508.0
007 ta
008 260413s1990 idu 000 j eng
010 _a 89082162
020 _a0917652762
_q(paperback)
020 _a9780917652769
_q(paperback)
035 _a(CStRLIN)NJPG92-B10507
035 _a(NjP)701951-princetondb
035 _z(NjP)Voyager701951
035 _a(OCoLC)ocm22450751
035 _a(TR-AnTOB)200468084
040 _aDLC
_beng
_erda
_cDLC
_dOCL
_dBAKER
_dBTCTA
_dYDXCP
_dOCLCG
_dBDX
_dOCLCO
_dOSU
_dOCLCF
_dOCLCQ
_dOCLCO
_dOCLCQ
_dXFH
_dOCL
_dOCLCO
_dOCL
_dGDC
_dOCL
_dNTE
_dOCLCO
_dOCLCL
_dTR-AnTOB
041 0 _aeng
043 _an-usp--
_anr-----
050 0 4 _aPS567
_b.P37 1990
090 _aPS567
_b.P37 1990
245 0 0 _aPassages west :
_bnineteen stories of youth and identity /
_cedited by Hugh Nichols ; Mary Clearman Blew [and thirteen others].
250 _aFirst paper edition.
264 1 _aLewiston, Idaho :
_bConfluence Press, Inc. ;
_aLanham, Md. :
_bDistributed to the trade by National Book Network,
_c1990.
300 _aix, 405 pages ;
_c22 cm
336 _atext
_btxt
_2rdacontent
337 _aunmediated
_bn
_2rdamedia
338 _avolume
_bnc
_2rdacarrier
490 0 _aShort fiction series
505 0 _aThe snowies, the Judiths / Mary Clearman Blew -- Nobody said anything / Raymond Carver -- The buck in the hills / Walter Van Tilburg Clark -- The kettle of fire ; The homestead orchard / H.L. Davis -- Flip / Ivan Doig -- Love in Idaho / Vardis Fisher -- Communist / Richard Ford -- Ebbie / A.B. Guthrie, Jr. -- The gift by the wagon ; Prairie kid ; Flame on the frontier / Dorothy M. Johnson -- The waterfowl tree / William Kittredge -- Great blue / David Long -- USFS 1919: the ranger, the cook, and a hole in the sky / Norman Maclean -- Walking out / David Quammen -- The colt ; Chip off the old block ; The chink / Wallace Stegner.
650 0 _aShort stories, American
_zRocky Mountains
_946151
650 0 _aShort stories, American
_zWest (U.S.)
_946151
650 0 _aIdentity (Psychology)
_vFiction
_976884
650 0 _aMountain life
_vFiction
_942259
650 0 _aYouth
_vFiction
_9153611
650 0 _aWestern stories
_9153612
651 0 _aRocky Mountains
_vFiction
_9153613
700 1 _aNichols, Hugh
_eeditor
_4edt
_9153614
700 1 _aBlew, Mary Clearman,
_d1939-
_eauthor
_4aut
_9153615
942 _2lcc
_cBK
999 _c200468084
_d86296